Library of the University of Algiers 3
Ibrahim Sultan Cheibout
شعار جامعة الجزائر 3
مكتبة جامعة الجزائر 3
إبراهيم سلطان شيبوط

محاضرات في إدارة الأعمال الدولية : (رقم التسجيلة. 41424)

تفاصيل مارك
000 -LEADER
fixed length control field 01735nam a2200205Ia 4500
003 - CONTROL NUMBER IDENTIFIER
control field Ost
005 - DATE AND TIME OF LATEST TRANSACTION
control field 20260416102401.0
008 - FIXED-LENGTH DATA ELEMENTS--GENERAL INFORMATION
fixed length control field 260416s9999||||xx |||||||||||||| ||und||
040 ## - CATALOGING SOURCE
Transcribing agency fsecg
041 ## - LANGUAGE CODE
Language code of text/sound track or separate title ara
100 ## - MAIN ENTRY--PERSONAL NAME
Personal name ناجي، رائد
Relator term مؤلف
245 #0 - TITLE STATEMENT
Title محاضرات في إدارة الأعمال الدولية :
Remainder of title سلسلة محاضرات ألقيت على طلبة السنة الاولى ماستر تخصص إدارة أعمال /
Statement of responsibility, etc. رائد ناجي
260 ## - PUBLICATION, DISTRIBUTION, ETC.
Place of publication, distribution, etc. الجزائر
Name of publisher, distributor, etc. جامعة الجزائر3: كلية العلوم الإقتصادية، العلوم التجارية وعلوم التسيير
Date of publication, distribution, etc. 2023
300 ## - PHYSICAL DESCRIPTION
Extent 109 ورقة
Other physical details ايضاحات
Dimensions 12 سم
520 ## - SUMMARY, ETC.
Summary, etc. مفهوم إدارة الاعمال الدولية،الاستثمار و الشراكة متعددة الجنسية، مفهوم التجارة الدولية و النظريات المفسرة لها، النظريات الحديثة المفسرة للتجارة الدولية، السياسات التجارية المتبعة في التجارة الدولية، مفهوم المنظمات المالية الدولية، أهم المنظمات المالية الدولية، مفاهيم حول ميزان المدفوعات،كيفيات معالجة الخلل في ميزان المدفوعات، عموميات حول التكامل الاقتصادي، أهم التكتلات الاقتصادية و الاتحاد العربي.
653 ## - INDEX TERM--UNCONTROLLED
Uncontrolled term إدارة الاعمال
653 ## - INDEX TERM--UNCONTROLLED
Uncontrolled term إدارة الأعمال الدولية
710 ## - ADDED ENTRY--CORPORATE NAME
Corporate name or jurisdiction name as entry element جامعة الجزائر3: كلية العلوم الإقتصادية، العلوم التجارية وعلوم التسيير
Relator term ناشر علمي
942 ## - ADDED ENTRY ELEMENTS (KOHA)
Koha item type مطبوعات
المقتنيات
Withdrawn status Lost status Source of classification or shelving scheme Damaged status Not for loan Home library Current library Date acquired Serial enumeration / chronology Inventory number Total checkouts Full call number Barcode Date last seen Price effective from Koha item type
    Dewey Decimal Classification   NOT LOAN / إعارة داخلية مكتبة كلية العلوم الإقتصادية والعلوم التجارية وعلوم التسيير مكتبة كلية العلوم الإقتصادية والعلوم التجارية وعلوم التسيير 16/04/2026 الطابق الثاني مط.833-1   مط.833 ن1 مط.833-1 16/04/2026 16/04/2026 مطبوعات

موارد الويب المفتوحة


© University of Algiers 3 All Rights Reserved
|
Implemented by LECHELAH Riad